[Event "US Open-113"]
[Site "Vancouver"]
[Date "2012.08.07"]
[Round "1"]
[White "Morrow, Hans"]
[Black "Chowdhury, Neil"]
[Result "1/2-1/2"]
[WhiteElo "1900"]
[BlackElo "1207"]
[PlyCount "93"]
[EventDate "2012.08.04"]
[EventType "swiss"]
[EventRounds "9"]
[EventCountry "USA"]
[SourceTitle "CBM 149 Extra"]
[Source "ChessBase"]
[SourceDate "2012.08.24"]
[SourceVersion "1"]
[SourceVersionDate "2012.08.24"]
[SourceQuality "1"]

1. d4 d5 2. c4 e6 3. Nc3 Nf6 4. Nf3 Be7 5. e3 Ne4 6. Bd3 Nxc3 7. bxc3 0-0 8. 0-0 c5 9. a4 Nc6 10. Rb1 b6 11. Qc2 g6 12. Re1 Ba6 13. cxd5 Bxd3 14. Qxd3 exd5 15. e4 cxd4 16. exd5 dxc3 17. Qb5 c2 18. Rb2 Nb4 19. Rxe7 Qxe7 20. Qxb4 Qe2 21. Rb3 Qd1+ 22. Qe1 Rfe8 23. Re3 f5 24. h3 Rxe3 25. fxe3 Qxe1+ 26. Nxe1 Rd8 27. Nxc2 Rc8 28. Nd4 Rxc1+ 29. Kf2 Rc5 30. Nc6 Kg7 31. Ne7 Kf7 32. Nc6 Rxd5 33. Nxa7 Ra5 34. Nc8 Rxa4 35. Nxb6 Ra2+ 36. Kf3 Ke6 37. g4 fxg4+ 38. hxg4 h5 39. gxh5 gxh5 40. e4 Ra1 41. Nd5 Ke5 42. Kg3 Kxe4 43. Nf6+ Ke3 44. Nxh5 Rg1+ 45. Kh4 Rg6 46. Kh3 Kf3 47. Kh4 1/2-1/2